| Tag |
First Indicator |
Second Indicator |
Subfields |
| LEADER |
00000nam a2200000Ia 4500 |
| 001 |
in00004174176 |
| 005 |
20200807083707.0 |
| 006 |
m g d |
| 007 |
cr bn |||a|bb| |
| 008 |
901218s1619 enk o 00| | eng d |
| 035 |
|
|
|a (UnM)99899036
|
| 037 |
|
|
|a CL0036000032
|b ProQuest. 789 E. Eisenhower Parkway, Ann Arbor, MI 48108-3218
|
| 037 |
|
|
|a CL0036000062
|b ProQuest. 789 E. Eisenhower Parkway, Ann Arbor, MI 48108-3218
|
| 040 |
|
|
|a Cu-RivES
|c Cu-RivES
|d CStRLIN
|d Cu-RivES
|e dcrb
|d WaOLN
|
| 100 |
1 |
|
|a Harris, Robert,
|d 1581-1658.
|
| 245 |
1 |
4 |
|a The drunkards cup. /
|c By Master Harris, pastor of Hanwell, and Bachelor in Diuinitie.
|
| 260 |
|
|
|a At London :
|b printed by Felix Kyngston for Thomas Man, and are to be sold at the signe of the Talbot in Pater-noster row,
|c 1619.
|
| 300 |
|
|
|a 1 online resource ([10], 29, [1] pages)
|
| 336 |
|
|
|a text
|b txt
|2 rdacontent
|
| 337 |
|
|
|a computer
|b c
|2 rdamedia
|
| 338 |
|
|
|a online resource
|b cr
|2 rdacarrier
|
| 500 |
|
|
|a A sermon on Isaiah V, 11-17.
|
| 500 |
|
|
|a This edition has A2r catchword "farther".
|
| 500 |
|
|
|a Item at reel 1175:20 identified as STC 12827.
|
| 500 |
|
|
|a Reproductions of originals in the Bodleian Library and Henry E. Huntington Library and Art Gallery.
|
| 500 |
|
|
|a Copy filmed at UMI microfilm Early English Books, Tract Supplement reel E4 has title page only.
|
| 510 |
4 |
|
|a STC (2nd edition)
|c 12827.5
|
| 533 |
|
|
|a Electronic reproduction.
|b Ann Arbor, Mich. :
|c UMI,
|d 1999-
|f (Early English books online)
|n Digital version of: (Early English books, 1475-1640 ; 1175:20 and 1989:9)
|7 s1999 miun s
|
| 650 |
|
0 |
|a Temperance
|v Sermons
|v Early works to 1800.
|
| 650 |
|
0 |
|a Sermons, English
|y 17th century.
|
| 830 |
|
0 |
|a Early English books online.
|
| 856 |
4 |
0 |
|u http://proxy.library.tamu.edu/login?url=https://search.proquest.com/docview/2248529025
|z Connect to the full text of this electronic book
|t 0
|
| 856 |
4 |
0 |
|u http://proxy.library.tamu.edu/login?url=https://search.proquest.com/docview/2248521454
|z Connect to the full text of this electronic book
|t 0
|
| 999 |
f |
f |
|s 97086b00-ff7b-35ee-9f2b-fa74a614b424
|i 7d4506e7-7942-3cf4-b65c-8d6a664e5563
|t 0
|
| 952 |
f |
f |
|a Texas A&M University
|b College Station
|c Electronic Resources
|d Available Online
|t 0
|h No information provided
|
| 998 |
f |
f |
|t 0
|l Available Online
|